Manual de auditoría medioambiental (Registro nro. 7804)

Detalles MARC
000 -LEADER
fixed length control field 01071 a2200241 4500
001 - CONTROL NUMBER
control field 62783
005 - DATE AND TIME OF LATEST TRANSACTION
control field 20260407155921.0
008 - FIXED-LENGTH DATA ELEMENTS--GENERAL INFORMATION
fixed length control field 260407a1996 arg spa d
003 - CONTROL NUMBER IDENTIFIER
control field AR-UNSa-BCEJYS
040 ## - CATALOGING SOURCE
Original cataloging agency AR-UNSa-BCEJYS
Language of cataloging spa
Transcribing agency AR-UNSa-BCEJYS
080 ## - UNIVERSAL DECIMAL CLASSIFICATION NUMBER
Universal Decimal Classification number 504:657.6
Common auxiliary subdivision Auditoría Medioambiental
020 ## - INTERNATIONAL STANDARD BOOK NUMBER
International Standard Book Number 978-84-481-0586-0
041 ## - LANGUAGE CODE
Language code of text/sound track or separate title spa
100 1# - MAIN ENTRY--PERSONAL NAME
Personal name Harrison, Lee
245 10 - TITLE STATEMENT
Title Manual de auditoría medioambiental
Name of part/section of a work Higiene y seguridad
250 ## - EDITION STATEMENT
Edition statement 2a. ed.
264 #1 - PRODUCTION, PUBLICATION, DISTRIBUTION, MANUFACTURE, AND COPYRIGHT NOTICE
Place of production, publication, distribution, manufacture Madrid :
Name of producer, publisher, distributor, manufacturer McGraw-Hill
Date of production, publication, distribution, manufacture, or copyright notice 1996
300 ## - PHYSICAL DESCRIPTION
Extent xix, 676 p.
Dimensions 24 cm.
505 ## - FORMATTED CONTENTS NOTE
Formatted contents note 1. Introducción - 2. Los beneficios de un programa de auditoría EHS – 3. El desarrollo de la auditoría EHS como disciplina – 4. Confección del programa de auditoría EHS propio – 5. La auditoría de seguridad – 6. Planeamientos de auditorías EHS de algunas industrias – 7. El interés general en la auditoría EHS -
590 ## - LOCAL NOTE (RLIN)
Local note niveau_biblio:m niveau_hierar:0
856 41 - ELECTRONIC LOCATION AND ACCESS
Uniform Resource Identifier <a href="http://www.biblioeco.unsa.edu.ar/pmb/images/libros/L129373.jpg">http://www.biblioeco.unsa.edu.ar/pmb/images/libros/L129373.jpg</a>
Link text Imagen de portada
Electronic format type image/jpeg
942 ## - ADDED ENTRY ELEMENTS (KOHA)
Koha item type
Existencias
Withdrawn status Lost status Damaged status Not for loan Home library Current library Shelving location Date acquired Total checkouts Full call number Barcode Date last seen Price effective from Koha item type
        Biblioteca Prof. Eusebio Cleto del Rey Biblioteca Prof. Eusebio Cleto del Rey   07/04/2026   504:657.6 H297 2ed. L129373 07/04/2026 07/04/2026 Libro